| 000 | 00673cam a2200205 a 4500 | ||
|---|---|---|---|
| 001 | 000008816 | ||
| 005 | 20200929161419.0 | ||
| 008 | 910226s1989 cu 000 f spa | ||
| 040 |
_aDO-SdBNP _cDLC |
||
| 082 |
_aCh863.4 _bB647m |
||
| 100 | 1 |
_aBlest Gana, Alberto, _d1830-1920. _923362 |
|
| 245 | 1 | 0 |
_aMartín Rivas / _cAlberto Blest Gana. |
| 260 |
_aLa Habana, (Cuba) : _bCasa de las Américas, _c[1989]. |
||
| 300 |
_axxvii, 482 p. ; _c19 cm. |
||
| 490 | 1 |
_aLiteratura latinoamericana _v121 |
|
| 650 | 4 |
_aNovela chilena _93163 |
|
| 650 | 4 |
_aLiteratura chilena _ySIGLO XX _914677 |
|
| 830 | 0 |
_aLiteratura latinoamericana ; _v121 _9500 |
|
| 910 | _aCatalogación por copia / LC | ||
| 999 |
_c8585 _d8585 |
||